| 000 | 00606nam a2200193Ia 4500 | ||
|---|---|---|---|
| 005 | 20250423100442.0 | ||
| 008 | 250422s9999 xx 000 0 und d | ||
| 020 | _a0131085727 | ||
| 050 | _aKL 87 .L2/ | ||
| 100 | _aLarbalestrier, Deborah E. | ||
| 245 | 0 | _aParalegal practice and procedure : a practical guide for the legal assistant | |
| 250 | _a2nd ed. | ||
| 260 | _aEnglewood Cliffs | ||
| 260 | _bPrentice Hall | ||
| 260 | _c1986 | ||
| 300 | _a405 p | ||
| 650 | _aLegal assistants_United States_Handbooks, manuals, etc. Legal secretaries_United States_Handbooks, manuals, etc. | ||
| 942 | _cBK | ||
| 999 |
_c33349 _d33349 |
||